India's rights revolution : (Record no. 74940)

MARC details
000 -LEADER
fixed length control field 00804nam a22002297a 4500
005 - DATE AND TIME OF LATEST TRANSACTION
control field 20130429160849.0
010 ## - LCCN (DPL NO)
LC control number ENG-106939
020 ## - INTERNATIONAL STANDARD BOOK NUMBER
International Standard Book Number 9780198081661
Terms of availability 795.00
020 ## - INTERNATIONAL STANDARD BOOK NUMBER
International Standard Book Number 0198081669
Terms of availability 795.00
035 ## - SYSTEM CONTROL NUMBER
System control number EN-90472
037 ## - SOURCE OF ACQUISITION
Source of stock number/acquisition DBAD/PUB
082 04 - DEWEY DECIMAL CLASSIFICATION NUMBER
Classification number 344.540316
Edition number 23
100 1# - MAIN ENTRY--PERSONAL NAME
Personal name Das, S. K.,
Dates associated with a name 1945-
245 10 - TITLE STATEMENT
Title India's rights revolution :
Remainder of title has it worked for the poor? /
Statement of responsibility, etc by S.K. Das
260 ## - PUBLICATION, DISTRIBUTION, ETC. (IMPRINT)
Place of publication, distribution, etc New Delhi
Name of publisher, distributor, etc Oxford University Press
Date of publication, distribution, etc 2013
270 ## - ADDRESS
Address YMCA Library Building, 1 Jai Singh Road
City New Delhi
Postal code 110001
300 ## - PHYSICAL DESCRIPTION
Extent xvi, 330 p.
Dimensions 23cm(Hb)
500 ## - GENERAL NOTE
General note Includes bibliographical references (pages 313-325) and index.
650 #0 - SUBJECT ADDED ENTRY--TOPICAL TERM
Topical term or geographic name as entry element Poor
General subdivision Civil rights
Geographic subdivision India.
650 #0 - SUBJECT ADDED ENTRY--TOPICAL TERM
Topical term or geographic name as entry element Public welfare
General subdivision Law and legislation
Geographic subdivision India.
942 ## - ADDED ENTRY ELEMENTS (KOHA)
Source of classification or shelving scheme Dewey Decimal Classification
Item type English Books
Classification part 344.540316
Call number suffix DAS
Holdings
Withdrawn status Lost status Not for loan Collection code Home library Current library Date acquired Source of acquisition Cost, normal purchase price Full call number Barcode Copy number Cost, replacement price Koha item type
    Not For Loan Non-fiction D.B.Act.Division D.B.Act.Division 29/04/2013 DBAD/PUB 795.00 344.540316 DAS EN-90472 1 795.00 English Books

© Delhi Public Library
Hit Counter
free hit counter